English Clubs beginning with: L - Statistics

General Stats
  • This quiz has been taken 46 times
  • The average score is 5 of 6
Answer Stats
League Answer % Correct
Premier League Liverpool
100%
Championship Leicester City
95%
Premier League Luton Town
92%
Championship Leeds United
74%
League One Leyton Orient
54%
League One Lincoln City
49%
No matching quizzes found
Score Distribution
Percent of People with Each Score
Percentile by Number Answered
Your Score History
You have not taken this quiz